Cấu trúc dữ liệu và thuật toán

Nội dung sách trình bày các khái niệm cơ bản về thuật toán và cấu trúc dữ liệu; thuật toán đệ quy, các cấu trúc dữ liệu cơ bản, cây, các thuật toán sắp xếp, tìm kiếm, đồ thị và các thuật toán đồ thị....

Cijeli opis

Spremljeno u:
Bibliografski detalji
Glavni autor: Nguyễn Đức Nghĩa
Format: Knjiga
Jezik:Vietnamese
Izdano: H. Bách khoa Hà Nội 2023
Izdanje:Xuất bản lần thứ 5
Teme:
Oznake: Dodaj oznaku
Bez oznaka, Budi prvi tko označuje ovaj zapis!
Thư viện lưu trữ: Thư viện Trường Đại học Nam Cần Thơ
LEADER 01793nam a22002537a 4500
001 NCT_4_013439
008 241017b xxu||||| |||| 00| 0 vie d
999 |c 8637  |d 8637 
020 |a 9786044713854  |c 142000 
082 0 4 |2 23rd ed.  |a 005.73  |b Ngh301 
100 1 |a Nguyễn Đức Nghĩa 
245 1 0 |a Cấu trúc dữ liệu và thuật toán  |c Nguyễn Đức Nghĩa 
250 |a Xuất bản lần thứ 5 
260 |a H.  |b Bách khoa Hà Nội  |c 2023 
300 |a 367 tr.  |b Minh họa  |c 24cm 
520 3 |a Nội dung sách trình bày các khái niệm cơ bản về thuật toán và cấu trúc dữ liệu; thuật toán đệ quy, các cấu trúc dữ liệu cơ bản, cây, các thuật toán sắp xếp, tìm kiếm, đồ thị và các thuật toán đồ thị. 
653 |a Công nghệ thông tin 
942 |2 ddc  |c BK 
952 |0 0  |1 0  |2 ddc  |4 0  |6 005_730000000000000_NGH301  |7 0  |9 29570  |a 000001  |b 000001  |d 2024-10-17  |o 005.73 Ngh301  |p MD.22904  |r 2024-10-17  |v 142000.00  |w 2024-10-17  |y BK 
952 |0 0  |1 0  |2 ddc  |4 0  |6 005_730000000000000_NGH301  |7 0  |9 29571  |a 000001  |b 000001  |d 2024-10-17  |o 005.73 Ngh301  |p MD.22905  |r 2024-10-17  |v 142000.00  |w 2024-10-17  |y BK 
952 |0 0  |1 0  |2 ddc  |4 0  |6 005_730000000000000_NGH301  |7 0  |9 29572  |a 000001  |b 000001  |d 2024-10-17  |o 005.73 Ngh301  |p MD.22906  |r 2024-10-17  |v 142000.00  |w 2024-10-17  |y BK 
952 |0 0  |1 0  |2 ddc  |4 0  |6 005_730000000000000_NGH301  |7 0  |9 29573  |a 000001  |b 000001  |d 2024-10-17  |o 005.73 Ngh301  |p MD.22907  |r 2024-10-17  |v 142000.00  |w 2024-10-17  |y BK 
952 |0 0  |1 0  |2 ddc  |4 0  |6 005_730000000000000_NGH301  |7 0  |9 29574  |a 000001  |b 000001  |d 2024-10-17  |l 2  |m 1  |o 005.73 Ngh301  |p MD.22908  |r 2025-04-26  |s 2025-04-15  |v 142000.00  |w 2024-10-17  |y BK 
980 |a Thư viện Trường Đại học Nam Cần Thơ